000 00490cam a2200181ua 4500
001 5427
005 20260515113901.0
008 120903n ii |||gr||||Z||||||eng
040 _cMAIN
082 _a700
100 _aDwivedi, U. C.,
_eEditor,
245 1 1 _aProceedings of Indian art history congress
_cby U. C. Dwivedi,
250 _a1st.
260 _aGuwahati:
_bIndian art history congress,
_c2011.
300 _a297p:
_c25cm.
653 _aThe arts fine & decorative arts
942 _cBK
999 _c4603
_d4603